Ecology : Concepts and applications
Đã lưu trong:
| 主要作者: | |
|---|---|
| 格式: | 图书 |
| 语言: | Undetermined |
| 出版: |
New York
Mc Graw Hill
2005
|
| 主题: | |
| 标签: |
添加标签
没有标签, 成为第一个标记此记录!
|
| Thư viện lưu trữ: | Trung tâm Học liệu Trường Đại học Cần Thơ |
|---|
| LEADER | 00511nam a2200205Ia 4500 | ||
|---|---|---|---|
| 001 | CTU_88252 | ||
| 008 | 210402s9999 xx 000 0 und d | ||
| 020 | |c 416000 | ||
| 082 | |a 577 | ||
| 082 | |b M726 | ||
| 100 | |a Molles , Manuel C. | ||
| 245 | 0 | |a Ecology : | |
| 245 | 0 | |b Concepts and applications | |
| 245 | 0 | |c Manuel C. Molles | |
| 260 | |a New York | ||
| 260 | |b Mc Graw Hill | ||
| 260 | |c 2005 | ||
| 650 | |a Ecology | ||
| 904 | |i Giang,Hải | ||
| 980 | |a Trung tâm Học liệu Trường Đại học Cần Thơ | ||